| 000 | 00000nam 2200000zi 4500 |
| 001 | 9.897206 |
| 003 | CaOODSP |
| 005 | 20240419144732 |
| 006 | m o d f |
| 007 | cr |n||||||||| |
| 008 | 210305e19850125onc o f000 0|eng d |
| 040 | |aCaOODSP|beng|erda|cCaOODSP |
| 086 | 1 |aId46-25/1985E-PDF |
| 245 | 00|aReport on an inquiry respecting terry towels of all types, including wash cloths, towel sets, bath mats and bath sets, and bar mops. |
| 246 | 34|aTerry towels of all types, including wash cloths, towel sets, bath mats and bath sets, and bar mops : |ba report to the Minister of Regional Industrial Expansion. |
| 264 | 1|aOttawa, Canada : |bGovernment of Canada, Textile and Clothing Board = Gouvernement du Canada, Commission du textile et du vêtement, |cJanuary 25, 1985. |
| 300 | |a1 online resource (24 pages) |
| 336 | |atext|btxt|2rdacontent |
| 337 | |acomputer|bc|2rdamedia |
| 338 | |aonline resource|bcr|2rdacarrier |
| 500 | |aDigitized edition from print [produced by Innovation, Science and Economic Development Canada]. |
| 500 | |aIssued also in French under title: Rapport d'une enquête concernant les serviettes de tissu éponge de tous genres, y compris les serviettes de toilette, les ensembles de serviettes, les descentes de bain et ensembles de descentes de bain, et les linges à essuyer. |
| 650 | 0|aTowel industry|zCanada. |
| 650 | 0|aMarket surveys|zCanada. |
| 710 | 1 |aCanada. |bTextile and Clothing Board, |eissuing body. |
| 710 | 1 |aCanada. |bDepartment of Regional Industrial Expansion, |eissuing body. |
| 775 | 08|tRapport d'une enquête concernant les serviettes de tissu éponge de tous genres, y compris les serviettes de toilette, les ensembles de serviettes, les descentes de bain et ensembles de descentes de bain, et les linges à essuyer.|w(CaOODSP)9.937221 |
| 856 | 40|qPDF|s673 KB|uhttps://publications.gc.ca/collections/collection_2024/isde-ised/Id46-25-1985-eng.pdf |